000 02945nam a22004097a 4500
005 2010101908158.0
008 101019t xxu||||| |||| 00| 0 hin d
010 _aHIN-96241 B-488104-107 B-490232
020 _c190.00
_a9789381467220
035 _aHN-68587 B-488104-107 B-490232
037 _bDBAD / PUB
037 _bरिसर्चो बुक सेंटर
037 _bब्लूबेरी बुक्स
040 _aDPL
_bHN
082 _a821
100 _923632
_aरावत,भगवत
245 _aकवि ने कहा /
_cभगवत रावत
246 _aKavi Ne Kaha
_bby Bhagwat rwat
260 _aनयी दिल्ली
_bकिताबघर प्रकाशन
_c2012
270 _bनयी दिल्ली
_a4855-56/24,अंसारी रोड, दरियागंज,
_e110002
300 1 _a136पृ.
_c22सेमी (सजिल्द)
490 _aकवि ने कहा सीरीज़
_955081
650 _9657
_aहिन्दी कविता
650 _934273
710 _934811
710 _935049
942 _2ddc
_cHN
_mरावत
_h821
999 _c67720
_d67720